Franziska : (Record no. 193270)

MARC details
000 -LEADER
campo de control de longitud fija 02436nam a2200421 i 4500
001 - NÚMERO DE CONTROL
campo de control 193270
003 - IDENTIFICADOR DE NÚMERO DE CONTROL
campo de control SpMaBN
005 - FECHA Y HORA DE LA ÚLTIMA TRANSACCIÓN
campo de control 20250804062655.0
007 - CAMPO FIJO DE DESCRIPCIÓN FÍSICA--INFORMACIÓN GENERAL
campo de control de longitud fija ta
008 - DATOS DE LONGITUD FIJA--INFORMACIÓN GENERAL
campo de control de longitud fija 221003s2022 sp a | |||| 000 f spa
017 ## - NÚMERO DE COPYRIGHT O DE DEPÓSITO LEGAL
Número de copyright o de depósito legal M 19793-2022
Agencia que asigna Oficina Depósito Legal Madrid
020 ## - NÚMERO INTERNACIONAL ESTÁNDAR DEL LIBRO
Número Internacional Estándar del Libro 9788437644974
035 ## - NÚMERO DE CONTROL DEL SISTEMA
Número de control de sistema a7171184
040 ## - FUENTE DE CATALOGACIÓN
Centro catalogador/agencia de origen SpMaBN
Lengua de catalogación spa
Centro/agencia transcriptor SpMaBN
Normas de descripción rda
080 ## - NÚMERO DE LA CLASIFICACIÓN DECIMAL UNIVERSAL
Número de la Clasificación Decimal Universal 821.112.2-31"19"
100 1# - ENTRADA PRINCIPAL--NOMBRE DE PERSONA
Nombre de persona Weiss, Ernst,
Fechas asociadas al nombre 1882-1940
Término indicativo de función/relación Autor
9 (RLIN) 234400
245 10 - MENCIÓN DEL TÍTULO
Título Franziska :
Resto del título la lucha /
Mención de responsabilidad, etc. Ernst Weiss ; edición y traducción de Carlos Fortea
250 ## - MENCION DE EDICION
Mención de edición 1ª edición, 2022
264 #1 - PRODUCCIÓN, PUBLICACIÓN, DISTRIBUCIÓN, FABRICACIÓN Y COPYRIGHT
Producción, publicación, distribución, fabricación y copyright Madrid :
Nombre del de productor, editor, distribuidor, fabricante Cátedra,
Fecha de producción, publicación, distribución, fabricación o copyright 2022
300 ## - DESCRIPCIÓN FÍSICA
Extensión 257 páginas ;
Dimensiones 21 cm
336 ## - TIPO DE CONTENIDO
Término de tipo de contenido Texto
Fuente rdacontent
337 ## - TIPO DE MEDIO
Nombre/término del tipo de medio sin mediación
Fuente rdamedia
338 ## - TIPO DE SOPORTE
Nombre/término del tipo de soporte volumen
Fuente rdacarrier
490 1# - MENCIÓN DE SERIE
Mención de serie Biblioteca del siglo XX
504 ## - NOTA DE BIBLIOGRAFÍA, ETC.
Nota de bibliografía, etc. Bibliografía: páginas 41-43
520 ## - RESUMEN, ETC.
Sumario, etc. Aunque no resulta fácil sintetizar el argumento de "Franziska", novela expresionista en que confluyen un buen número de temas de interes, podríamos decir que cuenta la historia de una joven aspirante a pianista que se propone consolidar una carrera como interprete. En medio de estos esfuerzos, sin embargo, se reencuentra con Erwin, un joven al que conoce fugazmente desde su adolescencia y con el que establece una compleja y tensa relación. Publicada en 1916, esta novela, en la que se trenzan muchas de las fijaciones literarias de su autor (el motivo del padre o la situación social de las mujeres, por ejemplo), supone uno de los puntos más importantes en la trayectoria narrativa de Ernst Weiss, miembro del círculo praguense de Kafka y distinguido en numerosas ocasiones por la crítica, a pesar de lo cual no llegó a recibir en vida el exito de público que sus denodados esfuerzos artísticos hubieran merecido.
655 #0 - TERMINO DE INDIZACIÓN--GENERO/FORMA
Datos o término principal de género/forma Novelas
9 (RLIN) 234319
700 1# - ENTRADA AGREGADA--NOMBRE PERSONAL
Nombre de persona Fortea, Carlos,
Fechas asociadas al nombre 1963-
Término indicativo de función/relación Editor literario
-- Traductor
9 (RLIN) 51844
830 ## - PUNTO DE ACCESO ADICIONAL DE SERIE-TÍTULO UNIFORME
9 (RLIN) 232212
Título uniforme Biblioteca del siglo XX
852 ## - LOCALIZACIÓN
Ubicación ES-MaACL
Sublocalización o colección R. 154673
Ubicación en estantería Depósito J
itemnumber 200701
Donativo/Legado Donación: Carlos Fortea
Número de control de estantería N-9446
Encuadernación Encuadernación rústica con solapas
903 ## - NOMBRE PERSONAL DE DONANTE
a Fortea, Carlos,
d 1963-
e Donante
9 51844
942 ## - ELEMENTOS DE ENTRADA SECUNDARIOS (KOHA)
Suprimir en OPAC No
Tipo de ítem Koha Libro impreso
Holdings
Estatus retirado Estado de pérdida Fuente del sistema de clasificación o colocación Estado de daño No para préstamo Biblioteca de origen Biblioteca actual Ubicación en estantería Fecha de adquisición Fuente de adquisición Número de control de estantería Total de préstamos Signatura topográfica completa Código de barras Visto por última vez Precio de reemplazo Tipo de ítem Koha
    Clasificación decimal universal     Biblioteca del Ateneo de Madrid Biblioteca del Ateneo de Madrid Depósito J 26/10/2023 Donación Ateneísta   N-9446 101205989 26/10/2023 26/10/2023 Libro impreso